Veřejné finance v teorii a praxi. 14
Pokračovanie kapitoly 26 - Daň zo mzdových prostriedkov. Úroveň daňových sadzieb a správa dane. Daňová evidencia. Vzťah k úžitkom. Časť 6 - Fiškálny federalizmus. Kapitola 27 - Zásady jednotlivých financií. Priestorová dimenzia alokačnej funkcie. Návrh daňového systému. Priestorový aspekt distribučn...
Gespeichert in:
| 1. Verfasser: | |
|---|---|
| Weitere Verfasser: | |
| Format: | Buchkapitel |
| Sprache: | Tschechisch |
| Schlagworte: | |
| Tags: |
Keine Tags, Fügen Sie das erste Tag hinzu!
|
MARC
| LEADER | 00000naa a2200000 4500 | ||
|---|---|---|---|
| 001 | r017849 | ||
| 005 | 20221205075849.2 | ||
| 041 | 0 | |a cze | |
| 044 | |a CZ | ||
| 245 | 1 | 0 | |a Veřejné finance v teorii a praxi. 14 |c R.A. Musgrave, P.B. Musgraveová |
| 520 | |a Pokračovanie kapitoly 26 - Daň zo mzdových prostriedkov. Úroveň daňových sadzieb a správa dane. Daňová evidencia. Vzťah k úžitkom. Časť 6 - Fiškálny federalizmus. Kapitola 27 - Zásady jednotlivých financií. Priestorová dimenzia alokačnej funkcie. Návrh daňového systému. Priestorový aspekt distribučnej funkcie. | ||
| 610 | 2 | 0 | |a financie verejné |
| 610 | 2 | 0 | |a dane zo mzdy |
| 610 | 2 | 0 | |a sadzby daňové |
| 610 | 2 | 0 | |a politika fiškálna |
| 610 | 2 | 0 | |a statky verejné |
| 610 | 2 | 0 | |a sústava daňová |
| 610 | 2 | 0 | |a modely |
| 100 | 1 | |a Musgrave, R.A. | |
| 700 | 1 | |a Musgraveová, P.B. | |